000 01382nam a2200313 a 4500
001 ebr10480609
003 CaPaEBR
006 m u
007 cr cn|||||||||
008 110713s2011 enkabc sb 001 0 eng d
020 _z9781848856356
020 _z9780857719706 (e-book)
040 _aCaPaEBR
_cCaPaEBR
035 _a(OCoLC)744961277
043 _aa-ye---
050 1 4 _aDS247.Y48
_bB74 2011eb
100 1 _aBrehony, Noel.
245 1 0 _aYemen divided
_h[electronic resource] :
_bthe story of a failed state in South Arabia /
_cNoel Brehony.
260 _aLondon ;
_aNew York :
_bI.B.Tauris & Co.,
_c2011.
300 _axxii, 257 p. :
_bill., maps, ports.
504 _aIncludes bibliographical references and index.
505 0 _apt. a. From South Arabia to south Yemen -- pt. b. The Salmin years -- pt. c. The struggle for power -- pt. d. From the PDRY to the Republic of Yemen -- pt. e. Did the PDRY fail?
533 _aElectronic reproduction.
_bPalo Alto, Calif. :
_cebrary,
_d2011.
_nAvailable via World Wide Web.
_nAccess may be limited to ebrary affiliated libraries.
651 0 _aYemen, South
_xHistory.
651 0 _aYemen (Republic)
_xHistory.
655 7 _aElectronic books.
_2local
710 2 _aebrary, Inc.
856 4 0 _uhttp://site.ebrary.com/lib/rucke/Doc?id=10480609
_zAn electronic book accessible through the World Wide Web; click to view
999 _c118593
_d118593